000 00459cam a22001457a 4500
008 180718b1970 xxu||||| |||| 00| 0 eng d
082 _aB7303x5422 M264 /70
100 _aJain,Koshal Chndra
245 _aMadhya pradesh municipal manual in two volumes
_cBy Koshal Chndra Jain
250 _a2nd
260 _aIndore
_bWadhwa
_c1970
300 _axxviii, 640p.
500 _aLibrary has two volumes.
650 _aMunicipal corporations -- Madhya Pradesh, India.
999 _c416609
_d416609